Trojfázový môstkový usmerňovač v obvode kotvy asynchrónneho motora, regulovaného jednosmerným napätím : Kand.diz.práca : V.odb. 26-02-9 : Obh. 26.06.1962 /

Na minha lista:
Detalhes bibliográficos
Autor principal: Puzjak, Ivan (Author)
Outros Autores: Kneppo, Ľudovít (Thesis advisor)
Formato: Manuscrito Livro
Publicado em: Bratislava : SVŠT v Bratislave EF, 1962
Assuntos:
Tags: Adicionar Tag
Sem tags, seja o primeiro a adicionar uma tag!

MARC

LEADER 00000ntm a22000003a 4500
001 stu5522
005 20150617225811.1
008 ------s1962----------------------------d
040 |a STU  |b slo 
041 0
100 1 |a Puzjak, Ivan  |4 aut 
245 1 |a Trojfázový môstkový usmerňovač v obvode kotvy asynchrónneho motora, regulovaného jednosmerným napätím :  |b Kand.diz.práca : V.odb. 26-02-9 : Obh. 26.06.1962 /  |c [aut.] Puzjak,Ivan, Ing.; Škol. Kneppo,Ňudovít 
260 |a Bratislava :  |b SVŠT v Bratislave EF,  |c 1962 
300 |a 111 s 
650 7 |a elektrické stroje a prístroje  |2 stusub 
700 1 |a Kneppo, Ľudovít  |4 ths 
996 |b 284ED00638  |c E*KDIZ-30  |l EE01  |s A  |a 24  |w stu5522_0001